Panduan awal bagi tanaman rotan

Bibliographic Details
Main Author: JOHARI bin Baharudin
Corporate Author: Institut Penyelidikan Perhutanan Malaysia (FRIM)
Other Authors: Che' Aziz bin Ali
Format: Book
Published: Kuala Lumpur : Jabatan Perhutanan Semenanjung Malaysia , 1981
Series:Research pamphlet ; no. 83
Subjects:

MARC

LEADER 00000cam a2200000 7i4500
001 0000003001
005 20040331.0
090 0 0 |a RP 633.58   |b JOH 1981 
100 0 0 |a JOHARI bin Baharudin 
245 1 0 |a Panduan awal bagi tanaman rotan   |c oleh Johari bin Baharudin, Che' Aziz bin Ali 
260 0 0 |a Kuala Lumpur :   |b Jabatan Perhutanan Semenanjung Malaysia ,   |c 1981 
300 |a 45 p. :   |b col. ill. ;   |c 30 cm. 
440 0 0 |a Research pamphlet ; no. 83 
500 0 0 |a Bibliography : p. .41 
650 0 0 |a Rattan palms   |z Malaysia 
700 0 1 |a Che' Aziz bin Ali 
710 1 1 |a Institut Penyelidikan Perhutanan Malaysia (FRIM) 
998 |a JPSM 
999 |a 0000005320   |b Monograph   |c Open Shelf   |e Default branch 
999 |a 0000005321   |b Monograph   |c Open Shelf   |e Default branch 
999 |a 0000005322   |b Monograph   |c Open Shelf   |e Default branch